| 000 | 00737nam a2200217 a 4500 | ||
|---|---|---|---|
| 999 |
_c4840 _d4840 |
||
| 001 | 4840 | ||
| 003 | BD-JhCC | ||
| 005 | 20171209122616.0 | ||
| 008 | 171204s1995 bg ab||| |||| 001 0 ben d | ||
| 020 | _a9840732765 | ||
| 035 | _a(BD-JhCC) 4840 | ||
| 040 |
_aBD-JhCC _dBD-JhCC |
||
| 041 | _aben | ||
| 082 |
_a574.92 _bMRI 1995 |
||
| 245 |
_aবঙ্গোপসাগর : জীব-সমুদ্রবিজ্ঞান ও সমুদ্র সম্পদ / _cড : শহীদুল্লাহ মৃধা |
||
| 260 |
_aঢাকা : _bবাংলা একাডেমী, _c১৯৯৫. |
||
| 300 |
_a২৬০ পৃ. : _bill. ; _c২২ সেমি. |
||
| 650 | _aMarine biology | ||
| 942 |
_2ddc _cBK |
||